000 01138namaa22002891i 4500
003 EG-GICUC
005 20260108121652.0
008 260108s1980 ye ||||jr|||| 000 0 ara d
040 _aEG-GiCUC
_bara
_cEG-GiCUC
_dEG-GiCUC
_erda
082 0 4 _221
_a415.1
_bS5259
092 0 4 _221
_a415.1
_bS5259
099 _a415.1 S5259
100 1 _aشاهين، عبد الرحمن محمد
_eمؤلف.
245 1 0 _aتقريب قطر الندى :
_bللمعاهد العلمية /
_cتأليف د. عبد الرحمن محمد شاهين ؛صححه وأشرف على طبعه أحمد على الشامى
264 _a[اليمن] :
_b[غير محدد]،
_c1980.
300 _a134 صفحة ؛
_c24 سم
336 _2rdacontent
_atext
337 _2rdamedia
_aUnmediated
338 _2rdacarrier
_avolume
504 _aيشتمل على ارجاعات ببليوجرافية
541 _aد. جابر عصفور ؛
_bالقاهرة ؛
_cإهداء ؛
_d2024.
650 1 7 _aاللغة العربية
_xالنحو
_2qrmak
651 1 _2qrmak
700 1 _aالشامى، أحمد على
_eمشرف.
905 _aNermeen
942 _2ddc
_cBK
_e21
_n0
999 _c177501
_d177501